| 000 | 00604nam a2200205 a 4500 | ||
|---|---|---|---|
| 001 | 5843 | ||
| 003 | CDMR | ||
| 005 | 20131213155520.0 | ||
| 008 | 130220s2006||||||||||||||||||||||||||||d | ||
| 040 |
_aCDMR _bcat _cCDMR |
||
| 100 | 1 |
_aLee Anderson, Jon _92868 |
|
| 245 | 1 | 3 |
_aLa mirada del periodista _cJon Lee Anderson |
| 260 |
_aMadrid _bAsociación de la Prensa de Madrid |
||
| 260 | _bAsociación de la Prensa de Aragón | ||
| 260 |
_bCongreso Nacional de Periodismo Digital _cDL 2006 |
||
| 300 |
_a76 p. ; _c25 cm |
||
| 600 | 1 |
_92868 _aAnderson, Jon Lee |
|
| 650 | 0 | 4 |
_9382 _aPeriodisme |
| 942 |
_cMON _2udc |
||
| 999 |
_c5843 _d5843 |
||